Object oriented Programming in C++ (Record no. 7915)
[ view plain ]
| 000 -LEADER | |
|---|---|
| fixed length control field | 00297nam a2200121Ia 4500 |
| 008 - FIXED-LENGTH DATA ELEMENTS--GENERAL INFORMATION | |
| fixed length control field | 191201s2013 xx 000 0 und d |
| 100 ## - MAIN ENTRY--PERSONAL NAME | |
| Personal name | LAFORE, Robert |
| 245 #0 - TITLE STATEMENT | |
| Title | Object oriented Programming in C++ |
| 250 ## - EDITION STATEMENT | |
| Edition statement | 14 IMP |
| 260 ## - PUBLICATION, DISTRIBUTION, ETC. (IMPRINT) | |
| Date of publication, distribution, etc | 2013 |
| Name of publisher, distributor, etc | pearson |
| Place of publication, distribution, etc | NEW DELHI |
| 300 ## - PHYSICAL DESCRIPTION | |
| Extent | 1012 |
| 942 ## - ADDED ENTRY ELEMENTS (KOHA) | |
| Source of classification or shelving scheme | Dewey Decimal Classification |
| Koha item type | Text Books |
| Withdrawn status | Lost status | Source of classification or shelving scheme | Damaged status | Not for loan | Collection code | Home library | Current library | Date acquired | Source of acquisition | Cost, normal purchase price | Bill Number | Total Checkouts | Full call number | Acc. no. / Barcode | Date last seen | Date last borrowed | Actual Cost, discounted price | Bill Date | Koha item type |
|---|---|---|---|---|---|---|---|---|---|---|---|---|---|---|---|---|---|---|---|
| Dewey Decimal Classification | BCA | PIET C-LIBRARY | PIET C-LIBRARY | 23/07/2014 | Orange Books International | 685.00 | 4540 | 7 | 005.133 LAO | BC1000 | 07/11/2024 | 25/10/2024 | 479.50 | 23/07/2014 | Text Books | ||||
| Dewey Decimal Classification | BCA | PIET C-LIBRARY | PIET C-LIBRARY | 23/07/2014 | Orange Books International | 685.00 | 4540 | 2 | 005.133 LAO | BC1001 | 02/12/2021 | 11/11/2021 | 479.50 | 23/07/2014 | Text Books |